000 00831nam a22002657a 4500
003 CHAP
005 20220329143446.0
008 091026s2003 mx a 00010 spa d
010 _a96949
011 _a97921
035 _a108594
040 _cCHAP
082 0 4 _a986.14
_bC27
100 1 _aCassiano Ardila, Juan David
_919871
245 1 0 _aUbaque :
_btesoro del oriente de Cundinamarca, Colombia
_c/por Juan David Cassiano Ardila
260 _aMéxico :
_b[s.n.],
_c2003
300 _a216 p. :
_bilus.
590 _aBATCH-UPD
_b10
_c20130110
_lUCH01
_h1844
590 _aCONVERSION
_b10
_c20130109
_lUCH01
_h1354
650 0 4 _aColombia
_xCondiciones sociales.
_925364
650 0 4 _aColombia
_xHistoria.
_925369
901 _aBK
942 _cLIBRO
949 _a986.14 C27
_bBC
_cLIBRO
_d33724002112769
_eLIBRO
_gI.c/e
_h111183
_i108594
_sb
999 _c96949
_d96949